000 00568nmm a2200181Ia 4500
008 251105s9999||||xx |||||||||||||||||und||
020 _a9788484896074
041 _aspa
100 _aFlorenchie, Amélie
245 0 _aLa ejemplaridad en la narrativa española contemporánea (1950-2010)
264 _a[Madrid, España] :
_bIberoamericana Vervuert,
_c2011
300 _a324 páginas
650 _aSpanish literature
700 _aFlorenchie, Amélie
700 1 _a Touton, Isabelle
856 _uhttps://public.digitaliapublishing.com/a/25670
942 _cCF
999 _c65528
_d65528